180 definitive modern English essays : for SPM, GCE 'O' Levels and other similar examinations

Bibliographic Details
Main Author: Sandhu, Gurcharan Sing
Other Authors: Albert, Bennet, Kwan, Elton, Mahmood Fahmi
Format: Book
Published: Selangor : Crescent News , 2006
Subjects:

MARC

LEADER 00000cam a2200000 7i4500
001 0000030983
005 20110504.0
008 110504
020 |a 9830612147 
090 0 0 |a 428.24   |b SAN 
100 1 |a Sandhu, Gurcharan Sing 
245 1 0 |a 180 definitive modern English essays :   |b for SPM, GCE 'O' Levels and other similar examinations   |c researched and written by Gurcharan Singh Sandhu [...et.al.] ; edited by Bennet Albert 
246 1 0 |a One hundred eighty definitive modern English essays 
260 |a Selangor :   |b Crescent News ,   |c 2006 
650 0 |a English language   |x Composition and exercise 
700 1 |a Albert, Bennet 
700 1 |a Kwan, Elton 
700 1 |a Mahmood Fahmi 
999 |a 0001021513   |b Book   |c Adult Collection   |e Perbadanan Perpustakaan Awam Johor